Hlubokej průser /

Hlavní autor: Colfer, Eoin, 1965-
Jazyk: Čeština
Vydáno: V Praze : Plus, 2012
Vydání: 1. vyd.
Témata:
Fyzický popis: 293 s. ; 21 cm
Knihy
Uloženo v:
LEADER 01233nam a2200385 a 4500
001 nkc20122373125
003 CZ PrNK
005 20120703164815.0
007 ta
008 120612s2012 xr g 000 f cze
015 |a cnb002373125 
020 |a 978-80-259-0102-1  |q (váz.) 
035 |a (OCoLC)798997214 
040 |a OLA001  |b cze  |d BOA001 
041 1 |a cze  |h eng 
072 7 |a 821.111-3  |x Anglická próza, anglicky psaná  |2 Konspekt  |9 25 
080 |a 821.111(415)-31  |2 MRF 
080 |a (0:82-312.4)  |2 MRF 
100 1 |a Colfer, Eoin,  |d 1965-  |7 xx0002126  |4 aut 
245 1 0 |a Hlubokej průser /  |c Eoin Colfer ; přeložil Pavel Medek 
250 |a 1. vyd. 
260 |a V Praze :  |b Plus,  |c 2012 
300 |a 293 s. ;  |c 21 cm 
500 |a Přeloženo z angličtiny 
655 7 |a irské romány (anglicky)  |7 fd132475  |2 czenas 
655 7 |a detektivní romány  |7 fd132010  |2 czenas 
655 9 |a Irish fiction (English)  |2 eczenas 
655 9 |a detective novels  |2 eczenas 
765 0 |t Plugged  |9 Česky 
910 2 |a BOA001  |b 2-1287.718 
928 9 |a Albatros Media - Plus 
990 |a BK 
995 |a 01 
991 |b 201206  |e b 
996 6 |b 2610514295  |c 2-1287.718  |l MZK  |r Sklad / do 1 hodiny  |n 1  |p p.v.  |w 001257605  |u 000010  |a 1  |e BOA001  |j MZK50  |s P